Volá Londýn /

Uložené v:
Podrobná bibliografia
Hlavný autor: Masaryk, Jan (Autor)
Médium: Kniha
Jazyk:Czech
Vydavateľské údaje: Praha : Panorama, 1990
Vydanie:1.vyd.
Edícia:STOPY FAKTA SVĚDECTVÍ
Tagy: Pridať tag
Žiadne tagy, Buďte prvý, kto otaguje tento záznam!

MARC

LEADER 00000nam a22000003a 4500
001 stu810
005 20150617225703.7
008 911125s1990----cs------------------cze-d
040 |a STU  |b slo 
041 0 |a cze 
044 |a cs 
080 |a 943.7"1939/1945"  |7 stu_us_auth*stu8002 
100 1 |a Masaryk, Jan  |4 aut 
245 1 |a Volá Londýn /  |c [aut.] Masaryk,Jan 
250 |a 1.vyd. 
260 |a Praha :  |b Panorama,  |c 1990 
300 |a 266 s 
830 0 |a STOPY FAKTA SVĚDECTVÍ 
996 |b E75399  |c R*75399  |l RRUM  |s A  |a 24  |w stu810_0001